Villes français en les carrés sur une carte - Statistiques

Statistiques générales
  • Ce quiz a été pris 1 087 fois
  • Le résultat moyen est 25 sur 30
Réponses sur la Carte
Les réponses sont colorées sur une échelle allant du rouge au vert en fonction du pourcentage des utilisateurs qui les ont devinées à leur premier essai. Vous pouvez retrouver ces pourcentages ci-dessous.
 
Statistiques - réponses
Ville % Correct
Paris
99%
Marseille
97%
Bordeaux
96%
Nice
95%
Strasbourg
95%
Lyon
94%
Toulouse
93%
Brest
92%
Lille
91%
Nantes
91%
Rennes
90%
Montpellier
88%
Dijon
83%
Perpignan
82%
Toulon
82%
Grenoble
81%
Metz
79%
Rouen
78%
Le Havre
77%
Tours
77%
Nancy
75%
Orléans
75%
Amiens
74%
Angers
74%
Reims
74%
Saint-Étienne
74%
Limoges
71%
Le Mans
69%
Mulhouse
64%
Besançon
59%
Aucun quiz correspondant
Distribution des résultats
% des personnes avec chaque résultat
Percentile par nombre de réponses
Votre historique - résultats
Vous n’avez pas pris ce quiz